| 000 | 00659nam a22001817a 4500 | ||
|---|---|---|---|
| 005 | 20231130152234.0 | ||
| 010 | _aENG-138498 | ||
| 020 |
_a9789354096723 _c705.00 |
||
| 035 | _aEN-122030 | ||
| 037 | _bDBAD/PUB | ||
| 082 | _a920 | ||
| 100 |
_aChaman Lal _959268 |
||
| 245 |
_aLife & Legend of Bhagat Singh: _bA Pictorial Volume/ _cby Chaman Lal [and]Edited by Pankhuri Awasthi |
||
| 260 |
_aNew Delhi _bPublications Division ,Ministry of Infomation and Broadcasting Government of India _c2022 |
||
| 270 |
_bNew Delhi _aSoochna Bhawan, C.G.O. Complex, Lodhi Road _e110003 |
||
| 300 |
_a212p _bill. _c28cm(pbk) |
||
| 942 |
_2ddc _cRF _h920 _mCHA |
||
| 999 |
_c199341 _d199341 |
||